000 00280nam a22001217a 4500
008 181022b xxu||||| |||| 00| 0 eng d
041 _aeng
080 _a316
100 _a50
101 _aSOC
245 _aThe Social Role of the Man of Knowledge
_cZnaniecki,F
942 _2udc
_cBK
999 _c50363
_d50363